000 00332nam a22001337a 4500
008 170928b xxu||||| |||| 00| 0 eng d
020 _a9780131708693
041 _aeng
080 _a37
100 _a47
101 _aEDU
245 _aEXCEPTIONAL LIVES SPECIAL EDUCATION IN TODAY SCHOOLS
_cTURNBULL.A
942 _2udc
_cBK
999 _c30455
_d30455